000 00746nam a2200277Ia 4500
003 OSt
005 20220918163439.0
006 a|||||r|||| 00| 0
007 ta
008 220917b |||||||| |||| 00| 0 eng d
020 _a0.210.33964.0
024 _a32,971
037 _cTextual
040 _aARTS
_cARTS
_beng
041 _2eng
_aeng
082 _aO111944vN7, L3
100 _aIyengar K. R. Srinivasa
_913221
245 0 _aIndian writing in English
250 _a2nd
260 _aBombay
_bAsia Publishing House India
_c1973
300 _axvi,761p.
_ccm.
500 _aBib 702-48p
650 _aENGLISH LITERATURE
942 _hO111944vN7, L3
_cTEXL
_2CC
999 _c119669
_d119669